000
00248nam a2200097Ia 4500
001
689957
005
20250826161807.0
008
250824s9999 xx 000 0 und d
245
0
_a
İSTANBUL HATIRASI/A.ÜMİT/EVEREST
_c
AHMET ÜMİT
260
_b
EVEREST
999
_c
689957
_d
689957